000 00512nam a22001697a 4500
005 20251108164130.0
008 250721s9999 xx 000 0 ara d
082 1 4 _a218,51/صلا
100 1 _aدعبس، صلاح
245 1 0 _aخطب الجمعة /
264 1 _aالقاهرة :
_bالمختار الإسلامي للطبع والنشر والنوزيع،
_c[19-].
300 _a188ص
650 1 7 _aالخطب الدينية
650 1 7 _aالوعظ و الإرشاد
942 _2ddc
_cBK
999 _c4418
_d4418